| 000 | 00997cam a22001691 4500 | ||
|---|---|---|---|
| 041 | _aENG | ||
| 082 |
_a297 _bARN |
||
| 100 | 1 | _aArnold, Thomas Walker, | |
| 245 | 1 | 4 | _aThe legacy of Islam, |
| 260 |
_aOxford, _bThe Clarendon press, _c1931. |
||
| 300 |
_axvi, 416 p. _bfront., illus., plates. |
||
| 505 | 0 | _aSpain and Portugal, by J. B. Trend.--The crusades, by Ernest Baker.--Geography and commerce, by J. H. Kramera--Islamic minor arts and their influence upon European work, by A. H. Christie.--Islamic art and its influence on painting in Europe, by the late Sir Thomas Arnold.- Architecture, by M. S. Briggs.--Literature, by H. A. R. Gibb.--Mysticism, by R. A. Nicholson.--Philosophy and theology, by Alfred Guillaume.-- Law and society, by David de Santillana.--Science and medicine, by Max Meyerhof.--Music, by H. G. Farmer.--Astronomy and mathematics, by Baron Carra de Vauz.--Index. | |
| 650 | 0 | _aIslamic civilization. | |
| 650 | 0 | _aIslam. | |
| 700 | 1 | _aGuillaume, Alfred, | |
| 942 | _cBK | ||
| 999 |
_c23389 _d23389 |
||